Statistics for NBA Most Improved Player

Click here to take the quiz!

General Stats

  • This quiz has been taken 36 times
    (13 since last reset)
  • The average score is 11 of 34

Answer Stats

Year Winner Team % Correct
2019Pascal SiakamRaptors
100%
2018Victor OladipoPacers
100%
2017Giannis AntetokounmpoBucks
92%
2016C.J. McCollumTrail Blazers
92%
2015Jimmy ButlerBulls
92%
2013Paul GeorgePacers
92%
2011Kevin LoveTimberwolves
50%
2014Goran DragicSuns
42%
2012Ryan AndersonMagic
42%
2001Tracy McGradyMagic
33%
2002Jermaine O'NealPacers
33%
2008Hedo TurkogluMagic
33%
2006Boris DiawSuns
25%
1987Dale EllisSuperSonics
25%
2009Danny GrangerPacers
25%
2010Aaron BrooksRockets
25%
1989Kevin JohnsonSuns
25%
2007Monta EllisWarriors
25%
2003Gilbert ArenasWarriors
17%
2000Jalen RosePacers
17%
1999Darrell ArmstrongMagic
17%
1996Gheorghe MuresanBullets
17%
1992Pervis EllisonBullets
8%
1988Kevin DuckworthTrail Blazers
8%
1990Rony SeikalyHeat
8%
1991Scott SkilesMagic
8%
1986Alvin RobertsonSpurs
8%
1994Don MacLeanBullets
8%
1998Alan HendersonHawks
8%
2004Zach RandolphTrail Blazers
8%
2005Bobby SimmonsClippers
8%
1993Mahmoud Abdul-RaufNuggets
0%
1995Dana Barros76ers
0%
1997Isaac AustinHeat
0%

Score Distribution

Percentile by Number Answered

Percent of People with Each Score

Your Score History

You have not taken this quiz since the last reset